000 01371nam a2200289 a 4500
999 _c515
_d515
003 AR-BaISA
005 20190326095436.0
007 ta
008 120403s2011 sp ado | |||| 000 0 spa d
020 _a9788498352368
040 _cAR-BaISA
082 0 4 _222
_a615.82 Ad59
100 1 0 _aAdler, Susan S.
_d1931-
_91274
_eaut.
245 1 3 _aLa facilitación neuromuscular propioceptiva en la práctica:
_bguía ilustrada /
_cSusan S. Adler, Dominiek Beckers y Math Buck
250 _a3ª ed.
260 _aMadrid:
_bMédica Panamericana,
_c2011
300 _aXII, 299 p.:
_bil., graf. fot.;
_c24 cm.
336 _aTexto (visual)
_2isbdcontent
337 _asin mediación
_2isbdmedia
500 _aIncluye 564 ilustraciones
504 _aBibliografía al final de cada capítulo
505 _tIntroducción a la facilitación neuromuscular propioceptiva --
_tProcedimientos básicos para la facilitación --
_tTécnicas --
_tEl tratamiento del paciente --
_tPatrones de facilitación --
_tLa escápula y la pelvis --
_tEl miembro superior --
_tEl miembro inferior --
_tEl cuello --
_tEl tronco --
_tActividades en la colchoneta --
_tEntrenamiento de la marcha --
_tFunciones vitales --
_tActividades de la vida diaria
650 1 4 _aFisioterapia
_91206
700 1 _aBeckers, Dominiek
_d1952-
_91275
_eaut.
700 1 _aBuck, Math
_d1948-
_91276
_eaut.
942 _2ddc
_cLI